U.S States with the Fewest Cows per Square Mile - Statistics

General Stats
  • This quiz has been taken 25 times
  • The average score is 7 of 10
Answer Stats
Cattle/Sqm State % Correct
3.77 Rhode Island
91%
0.03 Alaska
86%
9.09 Connecticut
77%
2.37 Maine
77%
8.54 Arizona
73%
5.39 Delaware
68%
3.97 Massachusetts
64%
3.02 New Hampshire
64%
3.54 New Jersey
64%
3.92 Nevada
59%
No matching quizzes found
Score Distribution
Percent of People with Each Score
Percentile by Number Answered
Your Score History
You have not taken this quiz